| 000 | 00462nam a22001691a 4500 | ||
|---|---|---|---|
| 001 | 10177 | ||
| 003 | OSt | ||
| 005 | 20260204212149.0 | ||
| 008 | 080502s2007||||dr ||||||b||||||||||spa|| | ||
| 050 | _aR RD 779.7293 C333s | ||
| 110 | _aCentro Cultural de España | ||
| 245 | _aSanto Domingo 1939 - 1943 / Centro Cultural de España | ||
| 264 | _aSanto Domingo : Corripio | ||
| 300 | _a173 p | ||
| 650 | _aFotografía - República DominicanaÌ | ||
| 942 |
_2ddc _cBK |
||
| 999 |
_c10177 _d10177 |
||